5HLuxD.jpg

KING HENRY VIII SENIOR AND PRIMARY SCHOOL LIBRARY OPAC

Hippo has a hat / (Record no. 1824)

000 -LEADER
fixed length control field 00941cam a2200289 a 4500
001 - CONTROL NUMBER
control field 01027102
003 - CONTROL NUMBER IDENTIFIER
control field OCoLC
005 - DATE AND TIME OF LATEST TRANSACTION
control field 20230202074957.0
008 - FIXED-LENGTH DATA ELEMENTS--GENERAL INFORMATION
fixed length control field 080220r2006 enka j 000 1 eng
015 ## - NATIONAL BIBLIOGRAPHY NUMBER
National bibliography number GBA702756
Source bnb
015 ## - NATIONAL BIBLIOGRAPHY NUMBER
National bibliography number GBA610706
Source bnb
020 ## - INTERNATIONAL STANDARD BOOK NUMBER
International Standard Book Number 9781405021920 (pbk.)
040 ## - CATALOGING SOURCE
Original cataloging agency UKM
Transcribing agency UKM
Modifying agency VP@
-- NCTU
-- KH8
042 ## - AUTHENTICATION CODE
Authentication code ukblsr
049 ## - LOCAL HOLDINGS (OCLC)
Holding library TUIA
082 04 - DEWEY DECIMAL CLASSIFICATION NUMBER
Classification number 823.914 DON
Edition number 22
100 1# - MAIN ENTRY--PERSONAL NAME
Personal name Donaldson, Julia.
Relator term author
245 10 - TITLE STATEMENT
Title Hippo has a hat /
Statement of responsibility, etc. by Julia Donaldson ; illustrated by Nick Sharratt.
260 ## - PUBLICATION, DISTRIBUTION, ETC.
Place of publication, distribution, etc. London :
Name of publisher, distributor, etc. Macmillan Children's,
Date of publication, distribution, etc. c2006.
300 ## - PHYSICAL DESCRIPTION
Extent [20] p. :
Other physical details chiefly col. ill. ;
Dimensions 28 cm.
650 #0 - SUBJECT ADDED ENTRY--TOPICAL TERM
Topical term or geographic name entry element Clothing and dress
Form subdivision Pictorial works
-- Juvenile fiction.
650 #0 - SUBJECT ADDED ENTRY--TOPICAL TERM
Topical term or geographic name entry element Shopping
Form subdivision Pictorial works
-- Juvenile fiction.
655 #7 - INDEX TERM--GENRE/FORM
Genre/form data or focus term Children's stories
Form subdivision Pictorial works.
Source of term gsafd.
655 #0 - INDEX TERM--GENRE/FORM
Genre/form data or focus term Children's stories
Form subdivision Pictorial works.
700 1# - ADDED ENTRY--PERSONAL NAME
Personal name Sharratt, Nick.
Relator term author
942 ## - ADDED ENTRY ELEMENTS (KOHA)
Source of classification or shelving scheme
Koha item type Books - Non Ficton
Holdings
Withdrawn status Lost status Source of classification or shelving scheme Damaged status Not for loan Collection code Permanent Location Current Location Shelving location Date acquired Total Checkouts Full call number Barcode Date last seen Date last checked out Price effective from Koha item type
          Non-Fiction KH8 Primary School Library KH8 Primary School Library Non Fiction 2023-02-02 2 823.914 DON KHPL000003573 2025-12-05 2024-09-09 2023-02-02 Books - Non Ficton

Powered By KH8 IT Dept